000
00245nam a2200109Ia 4500
008
220204s9999 xx 000 0 und d
082
_a
82-3
_b
MAC
100
_a
Alistair
245
4
_a
The Black shrike
260
_a
New York
_b
Fawcett
942
_c
BK
999
_c
35248
_d
35248